Najdroższy piłkarz z danego klubu z Ekstraklasy - Statystyki

Ogólne statystyki
  • Ten quiz został rozwiązany 87 razy
  • Średni wynik to 7 z 18
Statystyki odpowiedzi
Klub Państwo Pozycja Wartość Piłkarz % Poprawnych
Raków Częstochowa Bośnia i Hercegowina Bramkarz 5,00 mln € Vladan Kovacević
79%
Lech Poznań Polska Prawy napastnik 3,50 mln € Michał Skóraś
71%
Śląsk Wrocław Hiszpania Środkowy napastnik 1 mln € Erik Exposito
65%
Górnik Zabrze Słowenia Lewy obrońca/pomocnik 1 mln € Erik Janza
50%
Jagiellonia Białystok Hiszpania Środkowy napastnik 1,20 mln € Marc Gual
50%
Legia Warszawa Polska Środkowy obrońca 1,80 mln € Maik Nawrocki
49%
Wisła Płock Polska Ofensywny pomocnik 1,50 mln € Rafał Wolski
47%
Widzew Łódź Słowacja Bramkarz 1,20 mln € Henrich Ravas
44%
Piast Gliwice Polska Środkowy obrońca 1,50 mln € Ariel Mosór
41%
Lechia Gdańsk Polska Środkowy obrońca 900 tys. € Michał Nalepa
37%
Stal Mielec Holandia Środkowy napastnik 1,50 mln € Said Hamulić
35%
Pogoń Szczecin Szwecja Środkowy napastnik 2,20 mln € Pontus Almqvist
31%
Cracovia Kraków Rumunia Środkowy obrońca 1,50 mln € Virgil Ghita
27%
Zagłębie Lubin Polska Defensywny pomocnik 1 mln € Łukasz Łakomy
19%
Miedź Legnica Chile Środkowy napastnik 700 tys. € Angelo Henriquez
15%
Radomiak Radom Portugalia Środkowy pomocnik 800 tys. € Filipe Nascimento
15%
Korona Kielce Polska Ofensywny pomocnik 650 tys. € Jakub Łukowski
15%
Warta Poznań Turcja Środkowy napastnik 900 tys. € Enis Destan
13%
Nie znaleziono quizów pasujących do podanych kryteriów
Rozkład punktacji
Procent ludzi z każdym wynikiem
Percentyl według liczby udzielonych odpowiedzi
Twoja historia wyników
Nie rozwiązałeś tego quizu